000 01130cam a22001814a 4500
005 20250605164404.0
008 250528s ||||||||||||||||||||||||d
035 _a24749
040 _aGR-AtMCL
_bgre
_dGR-AtMCL
_eAACR2
245 1 _aΕίναι το ΑΙ η Λύση για Σύγχρονες Εφοδιαστικές Αλυσίδες; / Όσα Προέκυψαν από τα Πάνελ των Logi.C 20222 - Αθήνα
260 _bScl Magazine,
_c2022
300 _a96
520 _aΤο SCL&L Magazine 'Παρών' στην Logimat kai στα Ποσειδονια 2022, Όταν η Εμπειρία 'Μιλά' στις Εθνικές Μεταφορές, Κλειδί της Εθνικής Ανάπτυξης η Ολιστική Προσέγγιση των Δικτύων Εμπορευματικών Μεταφορών, Γιατί τα Ηλεκτρικά Φορτηγά θα Γίνουν Αναπόσπαστο Κομμάτι της Αγοράς Νωρίτερα απ'ότι Νομίζετε;
700 1 _aΔημητριάδης Θεόδωρος
_99489
942 _cCR
999 _c9604
_d9604